000 00359 a2200169 4500
001 187518
020 _a85-16-01540-8
040 _cMagnum
100 _aBarro, João de
240 1 0 _aChapeuzinho vermelho
_lpor
245 1 0 _aChapeuzinho vermelho
300 _a47
362 0 _a2006
440 1 _aModerna
697 _aLITERATURA INFANTIL
942 _cBK
999 _c187518
_d187518